logo

Bir Sreshtho Munshi Abdur Rouf Library
Jhenaidah Cadet College

Improvising jazz piano / (Record no. 8110)

MARC details
000 -LEADER
fixed length control field 00948ccm a2200325 a 4500
001 - CONTROL NUMBER
JCCL Control Number 8110
003 - CONTROL NUMBER IDENTIFIER
JCCL marc code BD-JhCC
005 - DATE AND TIME OF LATEST TRANSACTION
control field 20231121111826.0
008 - FIXED-LENGTH DATA ELEMENTS--GENERAL INFORMATION
fixed length control field 860327s1985 nyumuu 1 eng
020 ## - INTERNATIONAL STANDARD BOOK NUMBER
International Standard Book Number 0825622565
020 ## - INTERNATIONAL STANDARD BOOK NUMBER
International Standard Book Number 0711901910
035 ## - SYSTEM CONTROL NUMBER
system control number (BD-JhCC)8110
035 ## - SYSTEM CONTROL NUMBER
system control number 130002
040 ## - CATALOGING SOURCE
Original cataloging agency ANL
Modifying agency ANL
Transcribing agency BD-JhCC
041 ## - LANGUAGE CODE
Language code of Book eng
050 #0 - LIBRARY OF CONGRESS CALL NUMBER
Classification number MT239
Item number .M339 1985
082 ## - DEWEY DECIMAL CLASSIFICATION NUMBER
Author mark and Year MEH 1985
100 1# - MAIN ENTRY--PERSONAL NAME
Personal name Mehegan, John.
245 10 - TITLE STATEMENT
Title Improvising jazz piano /
Statement of responsibility, etc John Mehegan]
260 ## - PUBLICATION, DISTRIBUTION, ETC. (IMPRINT)
Place of publication, distribution, etc New York ;
-- London :
Name of publisher, distributor, etc Amsco Publications ;
-- Exclusive distributors, Music Sales Corp.,
Date of publication, distribution, etc c1985.
300 ## - PHYSICAL DESCRIPTION
Pagination 104 p. :
Other physical details port. ;
Dimensions 31 cm.
500 ## - GENERAL NOTE
General note "A John Mehegan book"--Cover.
500 ## - GENERAL NOTE
General note Includes chord symbols.
500 ## - GENERAL NOTE
General note Publisher's no.: AM 32483.
650 #0 - SUBJECT ADDED ENTRY--TOPICAL TERM
Topical term or geographic name as entry element Piano
General subdivision Studies and exercises (Jazz)
650 #0 - SUBJECT ADDED ENTRY--TOPICAL TERM
Topical term or geographic name as entry element Improvisation (Music)
650 #0 - SUBJECT ADDED ENTRY--TOPICAL TERM
Topical term or geographic name as entry element Jazz
General subdivision Instruction and study.
942 ## - ADDED ENTRY ELEMENTS (KOHA)
Source of classification or shelving scheme Dewey Decimal Classification
Koha item type Books
Holdings
Source of classification or shelving scheme Damaged status Not for loan Home library Current library Shelving location Date of accession Full call number Barcode Date last seen Copy number Method of acquisition Koha item type
Dewey Decimal Classification     JCC Rouf Library JCC Rouf Library General Stacks 11/21/2023 786.2107 MEH 1985 10683 02/18/2018 C - 1 Purchase Books

JCC Library | Contacts | JCC Home

Last Update on 23 September 2017
Copyright @ 2017-2020 JCC Rouf Library
Rouf Library, Jhenidah Cadet College (JCC), Bangladesh